000 00451nam a22001577a 4500
999 _c60597
_d60597
005 20230914150958.0
008 230914s1959 gw ||||| |||| 00| 0 ger d
041 _ager
080 _a902 E-14
100 _aEberhard, Paul
_919818
245 _aAntike Welt in Ton /
_cEberhard Paul.
264 _aLeipzig,
_c1959.
300 _a112 p. :
_bill.;
_c28 cm.
653 _aუძველესი სამყარო თიხაში
942 _2udc
_cBK